Národný program podpory zdravia zameranie na šesť priorít pokrývajúcich základné sféry života

Bibliographic Details
Main Author: Šarmírová, Milica (Author)
Format: Article
Language:Slovak
ISSN:1335-4477
Subjects:

MARC

LEADER 00000nab a2200000 a 4500
001 vtls000778941
003 SK-MaSNL
005 20260302152535.0
008 140303c2001 xo 0 slo
015 |a SNBRB2002/01-01124 
035 |a CLN000130713 
040 |a SNKBUCL  |b slo  |c SNKBUCL  |e AACR2 
041 0 |a slo 
044 |a xo  |c SK 
080 |a 614.2(437.6)  |2 1997 
080 |a 613(437.6)  |2 1997 
100 1 |a Šarmírová, Milica  |4 aut  |9 839734 
245 1 0 |a Národný program podpory zdravia  |b zameranie na šesť priorít pokrývajúcich základné sféry života  |c Milica Šarmírová 
610 7 |a Národný program podpory zdravia (Slovensko)  |2 snkbucl  |9 741616 
650 0 7 |a zdravie  |z Slovensko  |x programy národné  |2 snkbucl  |9 846044 
655 7 |a články z novín a časopisov  |2 snkbucl  |9 267496 
773 0 |t Zdravotnícke noviny  |g Roč. 6, č. 44 (2001), s. 6  |x 1335-4477 
850 |a Slovenská národná knižnica v Martine 
852 |a SNK  |b KIS3GCP 
958 |a MI 
958 |a SK 
992 |a RBX 
999 |c 1362897  |d 1364827